[Event "Russian Championship (women blitz)"]
[Site "Sochi"]
[Date "2017.10.02"]
[Round "11.14"]
[White "Tomilova, Elena"]
[Black "Potapova, Margarita"]
[Result "1/2-1/2"]
[LiveChessVersion "1.4.8"]
[BlackElo "2031"]
[WhiteElo "2279"]

1. d4 {[%clk 0:03:03]} Nf6 {[%clk 0:03:04]} 2. Bg5 {[%clk 0:03:04]} e6
{[%clk 0:03:02]} 3. e4 {[%clk 0:03:05]} h6 {[%clk 0:03:03]} 4. Bxf6
{[%clk 0:03:05]} Qxf6 {[%clk 0:03:03]} 5. c3 {[%clk 0:03:06]} g5 {[%clk 0:03:03]}
6. Bd3 {[%clk 0:03:05]} d6 {[%clk 0:03:04]} 7. Ne2 {[%clk 0:03:03]} Nd7
{[%clk 0:03:00]} 8. Nd2 {[%clk 0:03:00]} e5 {[%clk 0:02:56]} 9. Nc4
{[%clk 0:02:53]} Bg7 {[%clk 0:02:51]} 10. a4 {[%clk 0:02:46]} h5 {[%clk 0:02:50]}
11. a5 {[%clk 0:02:36]} h4 {[%clk 0:02:44]} 12. Ne3 {[%clk 0:02:24]} c6
{[%clk 0:02:14]} 13. h3 {[%clk 0:02:11]} Nf8 {[%clk 0:02:11]} 14. Qb3
{[%clk 0:01:58]} Ng6 {[%clk 0:02:00]} 15. Nf5 {[%clk 0:01:43]} O-O
{[%clk 0:01:55]} 16. g4 {[%clk 0:01:34]} hxg3 {[%clk 0:01:52]} 17. fxg3
{[%clk 0:01:27]} d5 {[%clk 0:01:33]} 18. O-O {[%clk 0:01:18]} Qd8
{[%clk 0:01:21]} 19. Kg2 {[%clk 0:01:04]} exd4 {[%clk 0:01:03]} 20. Nexd4
{[%clk 0:00:55]} c5 {[%clk 0:01:02]} 21. Nxg7 {[%clk 0:00:51]} Kxg7
{[%clk 0:00:59]} 22. Nf5+ {[%clk 0:00:50]} Bxf5 {[%clk 0:00:57]} 23. exf5
{[%clk 0:00:50]} c4 {[%clk 0:00:58]} 24. Qd1 {[%clk 0:00:42]} cxd3
{[%clk 0:00:55]} 25. fxg6 {[%clk 0:00:41]} fxg6 {[%clk 0:00:56]} 26. Qxd3
{[%clk 0:00:42]} Qd6 {[%clk 0:00:29]} 27. Qd4+ {[%clk 0:00:38]} Kh7
{[%clk 0:00:30]} 28. Rae1 {[%clk 0:00:35]} Rxf1 {[%clk 0:00:14]} 29. Rxf1 Qe6 30.
Rf2 {[%clk 0:00:30]} Re8 {[%clk 0:00:16]} 31. b4 {[%clk 0:00:24]} Re7
{[%clk 0:00:16]} 32. Qf6 {[%clk 0:00:22]} Qxf6 {[%clk 0:00:15]} 33. Rxf6
{[%clk 0:00:23]} Kg7 {[%clk 0:00:17]} 34. Rd6 {[%clk 0:00:23]} Re2+
{[%clk 0:00:11]} 35. Kf3 {[%clk 0:00:23]} Rc2 {[%clk 0:00:12]} 36. Rxd5
{[%clk 0:00:22]} Rxc3+ {[%clk 0:00:14]} 37. Kf2 {[%clk 0:00:23]} Kf6
{[%clk 0:00:10]} 38. Rd6+ {[%clk 0:00:22]} Kf5 {[%clk 0:00:08]} 39. Rd7
{[%clk 0:00:21]} Rc2+ {[%clk 0:00:07]} 40. Kf3 Rc3+ 41. Kf2 {[%clk 0:00:22]} Rc2+
{[%clk 0:00:10]} 42. Ke3 {[%clk 0:00:20]} Rc3+ {[%clk 0:00:12]} 43. Rd3
{[%clk 0:00:19]} Rc4 {[%clk 0:00:12]} 44. Rb3 {[%clk 0:00:18]} Re4+
{[%clk 0:00:12]} 45. Kf3 {[%clk 0:00:19]} Rc4 {[%clk 0:00:14]} 46. Ke3
{[%clk 0:00:20]} Re4+ {[%clk 0:00:15]} 47. Kf3 {[%clk 0:00:21]} Rc4
{[%clk 0:00:17]} 48. b5 {[%clk 0:00:14]} Ra4 {[%clk 0:00:17]} 49. a6
{[%clk 0:00:11]} bxa6 {[%clk 0:00:17]} 50. bxa6 Rxa6 {[%clk 0:00:18]} 51. Rb5+
{[%clk 0:00:12]} Kf6 {[%clk 0:00:19]} 52. Rb7 {[%clk 0:00:12]} Ra3+
{[%clk 0:00:19]} 53. Kg4 {[%clk 0:00:12]} Ra4+ {[%clk 0:00:21]} 54. Kf3
{[%clk 0:00:13]} a5 {[%clk 0:00:19]} 55. Ra7 {[%clk 0:00:14]} Ra3+
{[%clk 0:00:19]} 56. Kg4 {[%clk 0:00:14]} Ra4+ {[%clk 0:00:20]} 57. Kf3
{[%clk 0:00:15]} Ra3+ {[%clk 0:00:16]} 58. Kg4 {[%clk 0:00:17]} Ra4+
{[%clk 0:00:17]} 59. Kf3 {[%clk 0:00:18]} Ke5 60. Ke4+ 1/2-1/2

[Event "Russian Championship (women blitz)"]
[Site "Sochi"]
[Date "2017.10.02"]
[Round "12.2"]
[White "Garifullina, Leya"]
[Black "Goryachkina, Aleksandra"]
[Result "0-1"]
[LiveChessVersion "1.4.8"]
[BlackElo "2401"]
[WhiteElo "1872"]

1. e4 {[%clk 0:03:02]} Nf6 {[%clk 0:03:03]} 2. e5 {[%clk 0:03:03]} Nd5
{[%clk 0:03:05]} 3. d4 {[%clk 0:03:04]} d6 {[%clk 0:03:06]} 4. c4
{[%clk 0:03:05]} Nb6 {[%clk 0:03:07]} 5. exd6 {[%clk 0:03:05]} exd6
{[%clk 0:03:08]} 6. Nc3 {[%clk 0:03:01]} Be7 {[%clk 0:03:09]} 7. Be3
{[%clk 0:02:59]} O-O {[%clk 0:03:07]} 8. h3 {[%clk 0:02:57]} Bf6 {[%clk 0:02:58]}
9. Nf3 {[%clk 0:02:54]} Be6 {[%clk 0:02:58]} 10. b3 {[%clk 0:02:45]} d5
{[%clk 0:02:58]} 11. c5 {[%clk 0:02:43]} N6d7 {[%clk 0:02:59]} 12. Rc1
{[%clk 0:02:41]} Nc6 {[%clk 0:02:59]} 13. Bd3 {[%clk 0:02:33]} Re8
{[%clk 0:02:59]} 14. O-O {[%clk 0:02:34]} Ne7 {[%clk 0:02:58]} 15. Qc2
{[%clk 0:02:32]} Nf8 {[%clk 0:02:51]} 16. b4 {[%clk 0:02:06]} c6 {[%clk 0:02:51]}
17. b5 {[%clk 0:02:05]} Qd7 {[%clk 0:02:50]} 18. a4 {[%clk 0:02:06]} Bf5
{[%clk 0:02:48]} 19. Bf4 {[%clk 0:01:47]} Nfg6 {[%clk 0:02:37]} 20. Bh2
{[%clk 0:01:34]} Bxd3 {[%clk 0:02:26]} 21. Qxd3 {[%clk 0:01:34]} Nf5
{[%clk 0:02:09]} 22. g4 {[%clk 0:01:20]} Nfh4 {[%clk 0:01:44]} 23. Nxh4
{[%clk 0:01:19]} Bxh4 {[%clk 0:01:44]} 24. f4 {[%clk 0:00:29]} h6
{[%clk 0:01:44]} 25. f5 {[%clk 0:00:30]} Nf8 {[%clk 0:01:45]} 26. Bg3
{[%clk 0:00:23]} Bg5 {[%clk 0:01:26]} 27. Rce1 {[%clk 0:00:23]} Rxe1
{[%clk 0:01:25]} 28. Rxe1 {[%clk 0:00:24]} Re8 {[%clk 0:01:26]} 29. Rxe8
{[%clk 0:00:12]} Qxe8 {[%clk 0:01:27]} 30. Qe2 {[%clk 0:00:14]} Qd8
{[%clk 0:00:49]} 31. Bd6 {[%clk 0:00:11]} Nd7 {[%clk 0:00:48]} 32. Kg2
{[%clk 0:00:08]} Kh7 {[%clk 0:00:48]} 33. Kg3 {[%clk 0:00:07]} Bh4+
{[%clk 0:00:48]} 34. Kg2 {[%clk 0:00:09]} Qa5 {[%clk 0:00:42]} 35. Qd3
{[%clk 0:00:10]} Nf6 {[%clk 0:00:38]} 36. Be5 {[%clk 0:00:11]} Qb4
{[%clk 0:00:37]} 37. Qc2 {[%clk 0:00:11]} Qc4 {[%clk 0:00:34]} 38. Qd2
{[%clk 0:00:06]} Bg5 {[%clk 0:00:34]} 39. Qe1 {[%clk 0:00:06]} Qd3
{[%clk 0:00:32]} 40. h4 {[%clk 0:00:05]} Bd2 {[%clk 0:00:33]} 41. Qf2
{[%clk 0:00:04]} Bxc3 {[%clk 0:00:29]} 42. Bxf6 {[%clk 0:00:05]} gxf6
{[%clk 0:00:30]} 43. Qg1 {[%clk 0:00:03]} Qe4+ {[%clk 0:00:30]} 44. Kh3
{[%clk 0:00:04]} Bxd4 {[%clk 0:00:31]} 45. Qc1 {[%clk 0:00:04]} Qf3+
{[%clk 0:00:29]} 46. Kh2 {[%clk 0:00:05]} Be5+ {[%clk 0:00:29]} 47. Kg1
{[%clk 0:00:05]} Bf4 {[%clk 0:00:27]} 48. Qc2 {[%clk 0:00:06]} Qe4
{[%clk 0:00:27]} 49. Qc3 {[%clk 0:00:07]} Qe3+ {[%clk 0:00:28]} 50. Qxe3
{[%clk 0:00:08]} Bxe3+ {[%clk 0:00:29]} 51. Kf1 {[%clk 0:00:10]} Bxc5
{[%clk 0:00:30]} 52. Ke2 {[%clk 0:00:11]} a6 {[%clk 0:00:30]} 53. bxa6
{[%clk 0:00:11]} bxa6 {[%clk 0:00:31]} 54. Kd3 {[%clk 0:00:12]} Bf2
{[%clk 0:00:32]} 55. h5 {[%clk 0:00:13]} Kg7 {[%clk 0:00:33]} 56. Kd4 0-1

[Event "Russian Championship (women blitz)"]
[Site "Sochi"]
[Date "2017.10.02"]
[Round "13.3"]
[White "Ubiennykh, Ekaterina"]
[Black "Girya, Olga"]
[Result "1/2-1/2"]
[LiveChessVersion "1.4.8"]
[BlackElo "2338"]
[WhiteElo "2364"]

1. d4 {[%clk 0:03:03]} d5 {[%clk 0:03:04]} 2. c4 {[%clk 0:03:05]} e6
{[%clk 0:03:05]} 3. Nc3 {[%clk 0:03:06]} a6 {[%clk 0:03:07]} 4. cxd5
{[%clk 0:03:02]} exd5 {[%clk 0:03:08]} 5. e4 {[%clk 0:02:57]} dxe4
{[%clk 0:03:06]} 6. Nxe4 {[%clk 0:02:58]} Bb4+ {[%clk 0:02:55]} 7. Nc3
{[%clk 0:02:58]} Nf6 {[%clk 0:02:28]} 8. Bc4 {[%clk 0:02:57]} O-O
{[%clk 0:02:26]} 9. Nge2 {[%clk 0:02:58]} b5 {[%clk 0:02:22]} 10. Bd3
{[%clk 0:02:53]} Bb7 {[%clk 0:02:23]} 11. O-O {[%clk 0:02:48]} Nbd7
{[%clk 0:02:23]} 12. Bg5 {[%clk 0:02:46]} h6 {[%clk 0:02:24]} 13. Bh4
{[%clk 0:02:48]} Bd6 {[%clk 0:02:23]} 14. Bg3 {[%clk 0:02:41]} Bxg3
{[%clk 0:02:18]} 15. hxg3 {[%clk 0:02:38]} c5 {[%clk 0:02:19]} 16. Bc2
{[%clk 0:02:36]} Re8 {[%clk 0:02:15]} 17. Qd3 {[%clk 0:02:36]} b4
{[%clk 0:02:05]} 18. Na4 {[%clk 0:02:20]} Be4 {[%clk 0:02:06]} 19. Qd2
{[%clk 0:02:20]} Bxc2 {[%clk 0:02:04]} 20. Qxc2 {[%clk 0:02:21]} cxd4
{[%clk 0:01:58]} 21. Nxd4 {[%clk 0:02:22]} Rc8 {[%clk 0:01:56]} 22. Qb3
{[%clk 0:02:19]} a5 {[%clk 0:01:47]} 23. Rad1 {[%clk 0:02:18]} Qe7
{[%clk 0:01:45]} 24. Nf5 {[%clk 0:02:18]} Qe5 {[%clk 0:01:15]} 25. Nd6
{[%clk 0:02:14]} Qh5 {[%clk 0:01:15]} 26. f3 {[%clk 0:01:22]} Nc5
{[%clk 0:01:12]} 27. Nxc5 {[%clk 0:00:50]} Qxc5+ {[%clk 0:01:13]} 28. Kh2
{[%clk 0:00:42]} Qh5+ {[%clk 0:01:14]} 29. Kg1 {[%clk 0:00:43]} Qc5+
{[%clk 0:01:16]} 30. Kh2 {[%clk 0:00:44]} Qh5+ {[%clk 0:01:17]} 31. Kg1 1/2-1/2

[Event "Russian Championship (women blitz)"]
[Site "Sochi"]
[Date "2017.10.02"]
[Round "13.7"]
[White "Garifullina, Leya"]
[Black "Bivol, Alina"]
[Result "0-1"]
[LiveChessVersion "1.4.8"]
[BlackElo "2308"]
[WhiteElo "1872"]

1. e4 {[%clk 0:03:02]} e6 {[%clk 0:03:04]} 2. d4 d5 3. Nc3 {[%clk 0:03:03]} Bb4
{[%clk 0:03:07]} 4. e5 {[%clk 0:03:04]} c5 {[%clk 0:03:08]} 5. a3
{[%clk 0:03:05]} Bxc3+ {[%clk 0:03:09]} 6. bxc3 {[%clk 0:03:06]} Qa5
{[%clk 0:03:10]} 7. Bd2 {[%clk 0:03:05]} Qa4 {[%clk 0:03:11]} 8. Qg4
{[%clk 0:03:05]} Kf8 {[%clk 0:03:12]} 9. Qd1 {[%clk 0:03:06]} b6 {[%clk 0:03:14]}
10. dxc5 {[%clk 0:02:58]} bxc5 {[%clk 0:03:14]} 11. c4 {[%clk 0:02:59]} Ne7
{[%clk 0:02:56]} 12. cxd5 {[%clk 0:02:53]} exd5 {[%clk 0:02:56]} 13. Nf3
{[%clk 0:02:43]} Ba6 {[%clk 0:02:53]} 14. Bxa6 {[%clk 0:02:35]} Qxa6
{[%clk 0:02:52]} 15. Qe2 {[%clk 0:02:21]} Qxe2+ {[%clk 0:02:32]} 16. Kxe2
{[%clk 0:02:21]} Nbc6 {[%clk 0:02:32]} 17. c4 {[%clk 0:01:59]} d4
{[%clk 0:02:25]} 18. Rab1 {[%clk 0:01:49]} a6 {[%clk 0:02:03]} 19. Rb6
{[%clk 0:01:35]} f6 {[%clk 0:02:00]} 20. exf6 {[%clk 0:01:34]} gxf6
{[%clk 0:02:01]} 21. Rhb1 {[%clk 0:01:31]} Kf7 {[%clk 0:02:02]} 22. Bf4
{[%clk 0:01:24]} Rhe8 {[%clk 0:01:56]} 23. Kd3 {[%clk 0:00:47]} Red8
{[%clk 0:01:54]} 24. h4 {[%clk 0:00:39]} Rd7 {[%clk 0:01:54]} 25. h5
{[%clk 0:00:40]} Raa7 {[%clk 0:01:46]} 26. g3 {[%clk 0:00:40]} Nd8
{[%clk 0:01:28]} 27. Nd2 {[%clk 0:00:19]} Ne6 {[%clk 0:01:13]} 28. Bb8
{[%clk 0:00:19]} Ra8 {[%clk 0:01:12]} 29. Ne4 {[%clk 0:00:19]} Rd8
{[%clk 0:00:44]} 30. g4 {[%clk 0:00:08]} Nf4+ {[%clk 0:00:42]} 31. Bxf4
{[%clk 0:00:08]} Rg8 {[%clk 0:00:34]} 32. f3 {[%clk 0:00:09]} Rgd8
{[%clk 0:00:32]} 33. Nxc5 {[%clk 0:00:10]} Rac8 {[%clk 0:00:32]} 34. Ne4
{[%clk 0:00:11]} Nc6 {[%clk 0:00:32]} 35. Nd6+ {[%clk 0:00:10]} Rxd6
{[%clk 0:00:29]} 36. Bxd6 {[%clk 0:00:11]} Ke6 {[%clk 0:00:30]} 37. c5
{[%clk 0:00:12]} Kd5 {[%clk 0:00:30]} 38. Rb7 {[%clk 0:00:12]} Re8
{[%clk 0:00:31]} 39. Rxh7 {[%clk 0:00:12]} Re3+ {[%clk 0:00:32]} 40. Kd2
{[%clk 0:00:13]} Rxf3 {[%clk 0:00:32]} 41. h6 {[%clk 0:00:14]} Na5
{[%clk 0:00:33]} 42. Rd7 {[%clk 0:00:14]} Nc4+ {[%clk 0:00:35]} 43. Kc2
{[%clk 0:00:14]} Rf2+ {[%clk 0:00:35]} 44. Kd3 {[%clk 0:00:14]} Rd2#
{[%clk 0:00:35]} 45. g5 0-1

[Event "Russian Championship (women blitz)"]
[Site "Sochi"]
[Date "2017.10.02"]
[Round "15.12"]
[White "Potapova, Margarita"]
[Black "Gritsayeva, Oksana"]
[Result "1/2-1/2"]
[LiveChessVersion "1.4.8"]
[BlackElo "2216"]
[WhiteElo "2031"]

1. d4 {[%clk 0:03:04]} g6 {[%clk 0:03:03]} 2. e4 {[%clk 0:03:05]} Bg7
{[%clk 0:03:05]} 3. Nc3 {[%clk 0:03:06]} c6 {[%clk 0:03:06]} 4. Nf3 d5 5. h3
{[%clk 0:03:00]} Nf6 {[%clk 0:03:02]} 6. Bd3 {[%clk 0:02:49]} dxe4
{[%clk 0:02:58]} 7. Nxe4 {[%clk 0:02:50]} Nxe4 {[%clk 0:02:59]} 8. Bxe4
{[%clk 0:02:50]} Nd7 {[%clk 0:03:00]} 9. O-O {[%clk 0:02:50]} O-O
{[%clk 0:03:00]} 10. c3 {[%clk 0:02:50]} Nf6 {[%clk 0:02:56]} 11. Bc2
{[%clk 0:02:48]} Bf5 {[%clk 0:02:37]} 12. Re1 {[%clk 0:02:47]} Bxc2
{[%clk 0:02:36]} 13. Qxc2 {[%clk 0:02:48]} e6 {[%clk 0:02:33]} 14. Bf4
{[%clk 0:02:40]} Qa5 {[%clk 0:02:23]} 15. Bh2 {[%clk 0:02:33]} Nd5
{[%clk 0:02:19]} 16. Ne5 {[%clk 0:02:32]} Rad8 {[%clk 0:02:12]} 17. b4
{[%clk 0:02:26]} Qa3 {[%clk 0:01:45]} 18. Rec1 {[%clk 0:02:13]} Bxe5
{[%clk 0:01:43]} 19. Bxe5 {[%clk 0:02:14]} f6 {[%clk 0:01:35]} 20. Bg3
{[%clk 0:02:13]} b5 {[%clk 0:01:33]} 21. Qb3 {[%clk 0:02:06]} Qa6
{[%clk 0:01:28]} 22. a4 {[%clk 0:02:05]} Qb7 {[%clk 0:01:29]} 23. Re1
{[%clk 0:02:01]} Rfe8 {[%clk 0:01:27]} 24. Ra2 {[%clk 0:01:43]} Kf7
{[%clk 0:01:24]} 25. Rc1 {[%clk 0:00:50]} Rd7 {[%clk 0:01:16]} 26. c4
{[%clk 0:00:47]} Nb6 {[%clk 0:01:01]} 27. cxb5 {[%clk 0:00:38]} cxb5
{[%clk 0:01:01]} 28. axb5 {[%clk 0:00:38]} Qd5 {[%clk 0:00:46]} 29. Qxd5
{[%clk 0:00:35]} Nxd5 {[%clk 0:00:46]} 30. Rac2 {[%clk 0:00:30]} Nxb4
{[%clk 0:00:35]} 31. Rc7 {[%clk 0:00:28]} Red8 {[%clk 0:00:36]} 32. Bd6
{[%clk 0:00:14]} Nd5 {[%clk 0:00:35]} 33. Rxd7+ {[%clk 0:00:15]} Rxd7 34. Bc5 Rb7
{[%clk 0:00:36]} 35. Ra1 {[%clk 0:00:18]} Rxb5 {[%clk 0:00:34]} 36. Rxa7+
{[%clk 0:00:19]} Kg8 {[%clk 0:00:34]} 37. Ra8+ {[%clk 0:00:20]} Kg7
{[%clk 0:00:34]} 38. Ra7+ {[%clk 0:00:21]} Kg8 {[%clk 0:00:34]} 1/2-1/2

[Event "Russian Championship (women blitz)"]
[Site "Sochi"]
[Date "2017.10.02"]
[Round "16.13"]
[White "Belenkaya, Dina"]
[Black "Kabanova, Ekaterina"]
[Result "0-1"]
[LiveChessVersion "1.4.8"]
[BlackElo "2136"]
[WhiteElo "2204"]

1. e4 {[%clk 0:03:03]} c5 {[%clk 0:03:03]} 2. Nf3 {[%clk 0:03:04]} e6
{[%clk 0:03:05]} 3. c4 {[%clk 0:03:04]} a6 {[%clk 0:03:06]} 4. Nc3
{[%clk 0:03:05]} Qc7 {[%clk 0:03:07]} 5. Be2 {[%clk 0:02:59]} d6 {[%clk 0:03:08]}
6. d4 {[%clk 0:02:59]} cxd4 {[%clk 0:03:09]} 7. Nxd4 {[%clk 0:03:00]} b6
{[%clk 0:03:10]} 8. O-O Bb7 9. Be3 {[%clk 0:02:53]} Nd7 {[%clk 0:03:13]} 10. f3
{[%clk 0:02:53]} Ngf6 {[%clk 0:03:14]} 11. Kh1 {[%clk 0:02:54]} Be7
{[%clk 0:03:15]} 12. Rc1 {[%clk 0:02:55]} Rc8 {[%clk 0:03:16]} 13. a3
{[%clk 0:02:55]} O-O {[%clk 0:03:16]} 14. Qd2 {[%clk 0:02:55]} Qb8
{[%clk 0:03:17]} 15. b4 {[%clk 0:02:56]} Ne5 {[%clk 0:03:18]} 16. Na4
{[%clk 0:02:51]} Ned7 {[%clk 0:03:19]} 17. Nb3 {[%clk 0:02:50]} Bd8
{[%clk 0:03:20]} 18. Rfd1 {[%clk 0:02:37]} Bc7 {[%clk 0:03:21]} 19. Bg1
{[%clk 0:02:38]} h6 {[%clk 0:03:20]} 20. Qb2 {[%clk 0:02:36]} Bc6
{[%clk 0:03:17]} 21. Nc3 {[%clk 0:02:37]} Bb7 {[%clk 0:03:18]} 22. a4
{[%clk 0:02:37]} Rfe8 {[%clk 0:03:18]} 23. Qa2 {[%clk 0:02:36]} Ne5
{[%clk 0:03:14]} 24. a5 {[%clk 0:02:35]} bxa5 {[%clk 0:03:11]} 25. Nxa5 Ba8 26.
Rb1 {[%clk 0:02:24]} Nfd7 {[%clk 0:02:46]} 27. c5 {[%clk 0:02:21]} Ng6
{[%clk 0:02:26]} 28. Bxa6 {[%clk 0:02:13]} Rcd8 {[%clk 0:02:27]} 29. c6
{[%clk 0:01:57]} Nb6 {[%clk 0:02:19]} 30. b5 {[%clk 0:01:47]} Nf4
{[%clk 0:02:09]} 31. Nb7 {[%clk 0:01:45]} Bxb7 {[%clk 0:02:07]} 32. Bxb7
{[%clk 0:01:45]} d5 {[%clk 0:02:05]} 33. exd5 {[%clk 0:01:41]} Nfxd5
{[%clk 0:02:02]} 34. Nxd5 {[%clk 0:01:40]} exd5 {[%clk 0:02:02]} 35. Re1
{[%clk 0:01:39]} Rxe1 {[%clk 0:01:50]} 36. Rxe1 {[%clk 0:01:40]} Re8
{[%clk 0:01:49]} 37. Qf2 {[%clk 0:01:12]} Qd8 {[%clk 0:01:46]} 38. Ra1
{[%clk 0:01:10]} Qe7 {[%clk 0:01:37]} 39. Qc5 {[%clk 0:01:09]} Qh4
{[%clk 0:01:32]} 40. Qf2 {[%clk 0:00:59]} Qf6 {[%clk 0:01:31]} 41. Ra6
{[%clk 0:00:55]} d4 {[%clk 0:00:49]} 42. Qxd4 {[%clk 0:00:27]} Qxd4
{[%clk 0:00:49]} 43. Bxd4 {[%clk 0:00:28]} Re1+ {[%clk 0:00:50]} 44. Bg1
{[%clk 0:00:30]} Rb1 {[%clk 0:00:51]} 45. Ra7 {[%clk 0:00:23]} Nd5
{[%clk 0:00:46]} 46. Ra8+ {[%clk 0:00:21]} Kh7 {[%clk 0:00:47]} 47. h4
{[%clk 0:00:13]} Bb6 {[%clk 0:00:48]} 48. c7 {[%clk 0:00:08]} Rxg1+
{[%clk 0:00:47]} 49. Kh2 {[%clk 0:00:09]} Nxc7 {[%clk 0:00:47]} 50. Be4+
{[%clk 0:00:09]} g6 {[%clk 0:00:47]} 51. Rb8 {[%clk 0:00:10]} Bd4
{[%clk 0:00:43]} 52. Rb7 {[%clk 0:00:11]} Rc1 {[%clk 0:00:43]} 53. Bc6
{[%clk 0:00:12]} Ne6 {[%clk 0:00:41]} 54. Rxf7+ {[%clk 0:00:12]} Ng7 55. Rf8
{[%clk 0:00:11]} Rb1 {[%clk 0:00:43]} 56. Rd8 {[%clk 0:00:12]} Be5+
{[%clk 0:00:44]} 57. g3 {[%clk 0:00:12]} h5 {[%clk 0:00:45]} 58. Rd5
{[%clk 0:00:11]} Bc7 {[%clk 0:00:45]} 59. Rd7 {[%clk 0:00:12]} Bb6
{[%clk 0:00:46]} 60. Rd6 {[%clk 0:00:10]} Rb2+ {[%clk 0:00:47]} 61. Be8
{[%clk 0:00:08]} 0-1

[Event "Russian Championship (women blitz)"]
[Site "Sochi"]
[Date "2017.10.02"]
[Round "16.15"]
[White "Semenova, Elena"]
[Black "Markelova, Lubov"]
[Result "1-0"]
[LiveChessVersion "1.4.8"]
[BlackElo "2068"]
[WhiteElo "2090"]

1. e4 {[%clk 0:03:01]} e6 {[%clk 0:03:04]} 2. d4 {[%clk 0:03:02]} d5
{[%clk 0:03:05]} 3. Nd2 {[%clk 0:03:02]} Nc6 {[%clk 0:03:06]} 4. c3
{[%clk 0:02:54]} e5 {[%clk 0:03:06]} 5. Bb5 {[%clk 0:02:42]} exd4
{[%clk 0:02:52]} 6. cxd4 {[%clk 0:02:31]} dxe4 {[%clk 0:02:49]} 7. Nxe4
{[%clk 0:02:12]} Bb4+ {[%clk 0:02:35]} 8. Nc3 {[%clk 0:01:59]} Nf6
{[%clk 0:02:19]} 9. Bxc6+ {[%clk 0:01:47]} bxc6 {[%clk 0:02:20]} 10. Nge2
{[%clk 0:01:48]} O-O {[%clk 0:02:16]} 11. O-O {[%clk 0:01:48]} Re8
{[%clk 0:01:59]} 12. Bg5 {[%clk 0:01:44]} h6 {[%clk 0:01:56]} 13. Bh4
{[%clk 0:01:44]} Qd6 {[%clk 0:01:50]} 14. a3 {[%clk 0:01:38]} Ba5
{[%clk 0:01:43]} 15. Bg3 {[%clk 0:01:22]} Qe6 {[%clk 0:01:23]} 16. Re1
{[%clk 0:01:11]} Qf5 {[%clk 0:01:20]} 17. Be5 {[%clk 0:00:59]} Ba6
{[%clk 0:01:04]} 18. Ng3 {[%clk 0:01:00]} Qg6 {[%clk 0:01:00]} 19. Qf3
{[%clk 0:00:55]} Nd7 {[%clk 0:00:40]} 20. Bf4 {[%clk 0:00:38]} Bc4
{[%clk 0:00:32]} 21. h3 {[%clk 0:00:28]} Bxc3 {[%clk 0:00:27]} 22. Qxc3
{[%clk 0:00:25]} Bd5 {[%clk 0:00:27]} 23. b4 {[%clk 0:00:24]} Nb6
{[%clk 0:00:23]} 24. Bxc7 {[%clk 0:00:21]} Rac8 {[%clk 0:00:14]} 25. Be5
{[%clk 0:00:22]} Nc4 {[%clk 0:00:15]} 26. Bf4 {[%clk 0:00:21]} a6
{[%clk 0:00:07]} 27. Kh2 {[%clk 0:00:21]} h5 {[%clk 0:00:06]} 28. f3
{[%clk 0:00:19]} h4 {[%clk 0:00:05]} 29. Nf1 {[%clk 0:00:18]} Re6
{[%clk 0:00:03]} 30. Nd2 {[%clk 0:00:15]} Nxd2 {[%clk 0:00:03]} 31. Qxd2
{[%clk 0:00:15]} Rce8 {[%clk 0:00:04]} 32. Rxe6 {[%clk 0:00:14]} Qxe6
{[%clk 0:00:05]} 33. Rc1 {[%clk 0:00:13]} Qe2 {[%clk 0:00:05]} 34. Qxe2
{[%clk 0:00:10]} Rxe2 {[%clk 0:00:06]} 35. Kg1 {[%clk 0:00:12]} f6
{[%clk 0:00:05]} 36. Kf1 {[%clk 0:00:11]} Ra2 {[%clk 0:00:06]} 37. Rc3
{[%clk 0:00:13]} g5 {[%clk 0:00:06]} 38. Bd6 {[%clk 0:00:14]} Kf7
{[%clk 0:00:07]} 39. Re3 {[%clk 0:00:15]} Rd2 {[%clk 0:00:06]} 40. Bc5
{[%clk 0:00:15]} Rd1+ {[%clk 0:00:06]} 41. Ke2 {[%clk 0:00:15]} Ra1
{[%clk 0:00:07]} 42. Re7+ {[%clk 0:00:16]} Kg6 {[%clk 0:00:08]} 43. Re3
{[%clk 0:00:17]} Ra2+ {[%clk 0:00:09]} 44. Kf1 {[%clk 0:00:18]} Bc4+
{[%clk 0:00:10]} 45. Kg1 {[%clk 0:00:19]} Ra1+ {[%clk 0:00:11]} 46. Kh2
{[%clk 0:00:20]} Ra2 {[%clk 0:00:12]} 47. Be7 {[%clk 0:00:20]} Bf1
{[%clk 0:00:11]} 48. Re6 {[%clk 0:00:14]} Bxg2 {[%clk 0:00:09]} 49. Rxf6+
{[%clk 0:00:14]} Kg7 {[%clk 0:00:07]} 50. Kg1 {[%clk 0:00:12]} Bxh3
{[%clk 0:00:08]} 51. Rxc6 {[%clk 0:00:11]} Rxa3 {[%clk 0:00:06]} 52. Bxg5
{[%clk 0:00:10]} Ra1+ {[%clk 0:00:05]} 53. Kf2 {[%clk 0:00:10]} Bf5
{[%clk 0:00:05]} 54. Bxh4 {[%clk 0:00:09]} Ra2+ {[%clk 0:00:05]} 55. Ke3
{[%clk 0:00:10]} Rb2 {[%clk 0:00:05]} 56. Rb6 {[%clk 0:00:09]} Rb3+
{[%clk 0:00:05]} 57. Kf4 {[%clk 0:00:10]} Bd7 {[%clk 0:00:06]} 58. Rb7
{[%clk 0:00:10]} 1-0